Largest Cities starting with D,E,F or G - Statistics

General Stats
  • This quiz has been taken 61 times
  • The average score is 13 of 45
Answer Stats
Population Country 1st Letter City % Correct
25,000,000 I Delhi
90%
1,920,000 G Frankfurt
78%
15,670,000 B Dhaka
67%
6,170,000 U Dallas
65%
1,560,000 Q Doha
65%
20,600,000 C Guangzhou
63%
3,670,000 U Detroit
61%
2,560,000 U Denver
57%
3,520,000 S Dakar
53%
3,930,000 U Dubai
53%
1,160,000 I Dublin
49%
3,420,000 S Durban
43%
1,220,000 U Glasgow
39%
4,220,000 T Dar es Salaam
37%
4,180,000 C Dalian
35%
2,560,000 S Damascus
35%
3,400,000 B Fortaleza
33%
4,600,000 M Guadalajara
33%
3,560,000 P Faisalabad
31%
1,190,000 M Fes
29%
8,440,000 C Dongguan
27%
1,020,000 S Dammam
20%
3,960,000 C Fuzhou
20%
1,050,000 C Fuzhou
20%
2,380,000 S Daegu
18%
1,000,000 S Freetown
18%
2,530,000 J Fukuoka
18%
2,410,000 M George Town
18%
1,630,000 P Davao City
14%
2,940,000 C Douala
14%
1,150,000 I Erbil
12%
1,390,000 T Gaziantep
12%
1,600,000 S Gwangju
10%
1,120,000 V Da Nang
8%
1,180,000 I Denpasar
8%
1,320,000 C Fushun
8%
1,710,000 C Datong
6%
1,260,000 I Dhanbad
6%
1,560,000 S Daejeon
4%
1,580,000 P General Santos
4%
2,120,000 B Goiâna
4%
2,120,000 P Gujranvala
2%
1,210,000 C Dongying
0%
1,040,000 I Guwahati
0%
1,210,000 I Gwalior
0%
No matching quizzes found
Score Distribution
Percent of People with Each Score
Percentile by Number Answered
Your Score History
You have not taken this quiz